00267nam a2200121Ia 4500008004100000020001500041100001100056245003200067260001200099260001600111260000900127300000900136090707b ii f a fnsan d a9382804331 aJinder a1947 Alle Zakhman Di Dastan aPatiala bSangam Pub. c2013 a627p